00878cam a22002531 450000100060000000300080000600500170001400800410003103500190007204000320009104100080012308200220013110000060015324501150015926000600027430000210033435000130035550000840036850400410045265100250049365100300051865100300054871000460057825848BD-RjUL20211209050933.0140319r19681941enk b 001 0 eng d a(BD-RjUL)25918 aDLCcDLCdDLCdBD-RjULbeng aeng00a915.403bMOD 1968 d,10aModern India and the West :ba study of the interaction of their civilizations /cedited by L. S. S. O'Malley. aLondon ;aNew York :bOxford U.P.,c1941 [Printed1968.] a834 p. ;c23 cm. aunpriced a"Published under the auspices of the Royal Institute of International Affairs." aBibliographical footnotes. and Index 0aIndiaxCivilization. 0aIndiaxRelationszEurope. 0aEuropexRelationszIndia.2 aRoyal Institute of International Affairs.